| 000 | 00582nam a2200193Ia 4500 | ||
|---|---|---|---|
| 005 | 20250923145357.0 | ||
| 008 | 008 250917s9999 xx 000 0 eng d | ||
| 037 | _aTextual | ||
| 040 |
_aDSWL _beng _cDSWL |
||
| 041 |
_aeng _2eng |
||
| 084 |
_aY:1x275'N7-K, N75 _qDSWL |
||
| 245 | 0 |
_aAspects of Bengali History and society _c Ed.by Rachelvan M. Baumer |
|
| 260 |
_aNew Delhi _b Vikas Publishing House P. Ltd. _c1977 |
||
| 300 | _aix,246 p. | ||
| 365 |
_aINR _b54 . 0 |
||
| 925 | _g54 . 0 | ||
| 942 |
_cTEXL _hY:1x275'N7-K, N75 |
||
| 999 |
_c1450635 _d1450635 |
||